000 00798nam a2200253Ia 4500
003 OSt
005 20220923215630.0
006 a|||||r|||| 00| 0
007 ta
008 220922b |||||||| |||| 00| 0 hin d
024 _a180,411
037 _cTextual
040 _aARTS
_cARTS
_bhin
041 _2hin
_ahin
082 _aO152,3NSH32x, N2
100 _aशुक्ल, शोभनाथ
_9156318
245 0 _aगली आबाद है
246 _aGalī ābād hai
260 _aसुलतानपुर
_b दिवेश प्रकाशन
_c1992
300 _a147 पृ.
_ccm.
650 _aहिन्दी साहित्य
_9156264
942 _hO152,3NSH32x, N2
_cTEXL
_2CC
999 _c333789
_d333789